000 00966nam a2200217Ii 4500
003 JO-AjNU
008 230605s9999||||xx |||||||||||||| ||und||
017 _a2004/4729
020 _a977-05-2026-8
040 _aJO-AjNU
_bara
_erda
_cJO-AjNU
041 _aara
050 1 4 _aG93.2004
100 3 _aتأليف مراد، ظريف رمضان؛ تقديم محمد محمود ابراهيم الديب,
_eauthor
_962183
245 0 0 _aدراسة في التراث الجغرافي العربي: ابن حوقل ومنهجه الجغرافي تحقيق ودراسة لجغرافية مصر من كتاب (صورة الارض)
264 3 1 _aالقاهرة: مكتبة الانجلو المصرية، 2004
300 _a432ص
_b ويحتوي على قائمة مراجع من ص417-ص432
336 _atext
_btxt
_2rdacontent
337 _aunmediated
_bn
_2rdamedia
338 _avolume
_bnc
_2rdacarrier
650 4 _aالجغرافيون العرب-تراجم
_962184
999 _aA28146
_c31714
_d31714